[Event "Biel MTO op 46th"]
[Site "Biel"]
[Date "2013.08.02"]
[Round "11"]
[White "Raetsky, Alexander"]
[Black "Kurnosov, Igor"]
[Result "1/2-1/2"]
[WhiteElo "2412"]
[BlackElo "2657"]
[PlyCount "88"]
[EventDate "2013.07.22"]
[EventType "swiss"]
[EventRounds "11"]
[EventCountry "SUI"]
[SourceTitle "CBM 155 Extra"]
[Source "ChessBase"]
[SourceDate "2013.08.26"]
[SourceVersion "1"]
[SourceVersionDate "2013.08.26"]
[SourceQuality "1"]

1. d4 Nf6 2. Nc3 d5 3. Bg5 c6 4. e3 Bf5 5. Bxf6 gxf6 6. Bd3 Bg6 7. f4 Bxd3 8. Qxd3 e6 9. e4 dxe4 10. Nxe4 f5 11. Nc3 Rg8 12. g3 Nd7 13. Nf3 Qa5 14. a3 Be7 15. 0-0-0 0-0-0 16. Qc4 h5 17. Ne5 Nxe5 18. dxe5 h4 19. gxh4 Bxh4 20. Kb1 Qb6 21. Rxd8+ Rxd8 22. Qe2 Qf2 23. Qxf2 Bxf2 24. Rf1 Bh4 25. Rf3 Rg8 26. b4 Kd8 27. Kb2 f6 28. exf6 Bxf6 29. Kb3 b5 30. h3 Rg1 31. a4 a6 32. axb5 axb5 33. Ne2 Rb1+ 34. Ka3 Ke7 35. c3 Rd1 36. Kb3 Rd2 37. Nc1 Kd6 38. Nd3 Kd5 39. Re3 Kd6 40. Nc5 e5 41. fxe5+ Bxe5 42. Rf3 Re2 43. h4 f4 44. Nd3 Rh2 1/2-1/2

[Event "Biel MTO op 46th"]
[Site "Biel"]
[Date "2013.08.01"]
[Round "10"]
[White "Kurnosov, Igor"]
[Black "Sebenik, Matej"]
[Result "1/2-1/2"]
[WhiteElo "2657"]
[BlackElo "2511"]
[PlyCount "139"]
[EventDate "2013.07.22"]
[EventType "swiss"]
[EventRounds "11"]
[EventCountry "SUI"]
[SourceTitle "CBM 155 Extra"]
[Source "ChessBase"]
[SourceDate "2013.08.26"]
[SourceVersion "1"]
[SourceVersionDate "2013.08.26"]
[SourceQuality "1"]

1. e4 c5 2. Nf3 Nc6 3. Bb5 e6 4. 0-0 Nge7 5. Re1 a6 6. Bf1 d5 7. exd5 Nxd5 8. d4 Nf6 9. Be3 cxd4 10. Nxd4 Bd7 11. c4 Be7 12. Nc3 Qc7 13. g3 0-0 14. Bf4 Qb6 15. Nb3 Rfd8 16. Bg2 Be8 17. Qe2 Rac8 18. c5 Bxc5 19. Na4 Nd4 20. Nxb6 Nxe2+ 21. Rxe2 Bxb6 22. Bxb7 Bb5 23. Rd2 Rxd2 24. Bxd2 Rc2 25. Rc1 Rxb2 26. Rc8+ Ne8 27. Bc6 Bxc6 28. Rxc6 Bc7 29. Rxa6 Bd6 30. Be3 Kf8 31. Nc5 Rc2 32. Ne4 Ke7 33. a4 Kd7 34. Nxd6 Nxd6 35. Ra7+ Rc7 36. Rxc7+ Kxc7 37. Kg2 Kc6 38. Bd4 f6 39. Kf3 Kd5 40. Bb2 Ne8 41. Ba3 e5 42. Kg4 g6 43. Be7 Ke6 44. Bf8 Kd5 45. Kf3 f5 46. Be7 Nc7 47. Bf6 Ne6 48. Ke3 g5 49. f3 h5 50. a5 f4+ 51. Kf2 g4 52. a6 Kc6 53. Bxe5 fxg3+ 54. Kxg3 gxf3 55. Kxf3 Kb6 56. Kg3 Ng5 57. Kf4 Nf7 58. h4 Kxa6 59. Bg7 Kb6 60. Kf5 Kc6 61. Kg6 Nd6 62. Bf8 Kd7 63. Kf6 Ne4+ 64. Ke5 Nd2 65. Kf4 Ke6 66. Bb4 Nc4 67. Kg5 Ne3 68. Kxh5 Ng2 69. Kg5 Nxh4 70. Kxh4 1/2-1/2

[Event "Biel MTO op 46th"]
[Site "Biel"]
[Date "2013.07.29"]
[Round "7"]
[White "Solak, Dragan"]
[Black "Kurnosov, Igor"]
[Result "1-0"]
[WhiteElo "2598"]
[BlackElo "2657"]
[PlyCount "111"]
[EventDate "2013.07.22"]
[EventType "swiss"]
[EventRounds "11"]
[EventCountry "SUI"]
[SourceTitle "CBM 155 Extra"]
[Source "ChessBase"]
[SourceDate "2013.08.26"]
[SourceVersion "1"]
[SourceVersionDate "2013.08.26"]
[SourceQuality "1"]

1. e4 c5 2. Nf3 d6 3. d4 cxd4 4. Nxd4 Nf6 5. Nc3 a6 6. Bg5 Nbd7 7. Qe2 h6 8. Bh4 g6 9. f4 e5 10. fxe5 dxe5 11. 0-0-0 Qc7 12. Nb3 b5 13. Qf3 Bg7 14. a3 0-0 15. Kb1 Rb8 16. Be2 Rb6 17. g4 Bb7 18. Rhf1 b4 19. axb4 Rxb4 20. Rxd7 Nxd7 21. Be7 Rb6 22. Na5 Rb8 23. Nc4 Nf6 24. Nxb6 Qxe7 25. Nc4 Bc8 26. Nd5 Nxd5 27. exd5 e4 28. Qg3 Rb5 29. c3 Qb7 30. Rd1 Kh7 31. Rd2 Rxd5 32. Nd6 Rxd2 33. Nxb7 Rxe2 34. Nc5 e3 35. h3 f5 36. Nd3 fxg4 37. hxg4 Bb7 38. Qf4 Bd5 39. c4 Be6 40. Qe4 Bd7 41. Ne5 Ba4 42. Qxg6+ Kh8 43. Ka2 Bc2 44. Nf7+ Kg8 45. Nxh6+ Kh8 46. Nf7+ Kg8 47. Nh6+ Kh8 48. Nf7+ Kg8 49. Qe6 Rf2 50. Ng5+ Kh8 51. Qxe3 Rf6 52. Qe8+ Rf8 53. Qh5+ Kg8 54. Ne6 Rf3 55. Qe8+ Bf8 56. Nd4 1-0

[Event "Wch Blitz 7th"]
[Site "Khanty-Mansiysk"]
[Date "2013.06.10"]
[Round "23"]
[White "Kurnosov, Igor"]
[Black "Khairullin, Ildar"]
[Result "1/2-1/2"]
[WhiteElo "2657"]
[BlackElo "2658"]
[PlyCount "64"]
[EventDate "2013.06.09"]
[EventType "swiss (blitz)"]
[EventRounds "30"]
[EventCountry "RUS"]
[SourceTitle "CBM 154 Extra"]
[Source "ChessBase"]
[SourceDate "2013.06.25"]
[SourceVersion "2"]
[SourceVersionDate "2013.06.25"]
[SourceQuality "1"]

1. e4 e5 2. Nf3 d6 3. d4 exd4 4. Nxd4 Nf6 5. Nc3 Be7 6. g3 d5 7. e5 Ng4 8. e6 Nf6 9. exf7+ Kxf7 10. Bg2 Re8 11. 0-0 c6 12. Re1 Bg4 13. f3 Bd7 14. Bf4 Na6 15. g4 c5 16. Nf5 Bxf5 17. gxf5 d4 18. Ne4 Nd5 19. Bd2 Nab4 20. f4 Kg8 21. Qh5 Rf8 22. Rac1 Qd7 23. Ng5 Bxg5 24. fxg5 Qxf5 25. Be4 Qf2+ 26. Kh1 g6 27. Bxg6 hxg6 28. Qxg6+ Kh8 29. Qh5+ Kg8 30. Qg6+ Kh8 31. Qh6+ Kg8 32. Qg6+ Kh8 1/2-1/2

[Event "Wch Blitz 7th"]
[Site "Khanty-Mansiysk"]
[Date "2013.06.10"]
[Round "22"]
[White "Kurnosov, Igor"]
[Black "Potapov, Pavel"]
[Result "1-0"]
[WhiteElo "2657"]
[BlackElo "2460"]
[PlyCount "47"]
[EventDate "2013.06.09"]
[EventType "swiss (blitz)"]
[EventRounds "30"]
[EventCountry "RUS"]
[SourceTitle "CBM 154 Extra"]
[Source "ChessBase"]
[SourceDate "2013.06.25"]
[SourceVersion "2"]
[SourceVersionDate "2013.06.25"]
[SourceQuality "1"]

1. e4 c5 2. Nf3 Nc6 3. Bb5 g6 4. Bxc6 dxc6 5. d3 Bg7 6. h3 e5 7. a4 a5 8. Be3 b6 9. Nbd2 h6 10. Nc4 Qc7 11. b4 b5 12. axb5 cxb5 13. Nxa5 cxb4 14. Nb3 Rxa1 15. Nxa1 Ne7 16. Qd2 Nc6 17. 0-0 Be6 18. Nb3 Bxb3 19. cxb3 Qd7 20. Rc1 f5 21. Qc2 Nd8 22. Qc5 Qxd3 23. Nxe5 Qxb3 24. Nxg6 1-0

[Event "Wch Blitz 7th"]
[Site "Khanty-Mansiysk"]
[Date "2013.06.10"]
[Round "27"]
[White "Kurnosov, Igor"]
[Black "Rakhmanov, Alexander"]
[Result "1-0"]
[WhiteElo "2657"]
[BlackElo "2602"]
[PlyCount "110"]
[EventDate "2013.06.09"]
[EventType "swiss (blitz)"]
[EventRounds "30"]
[EventCountry "RUS"]
[SourceTitle "CBM 154 Extra"]
[Source "ChessBase"]
[SourceDate "2013.06.25"]
[SourceVersion "2"]
[SourceVersionDate "2013.06.25"]
[SourceQuality "1"]

1. e4 c5 2. Nc3 Nc6 3. Nf3 Nf6 4. Bb5 Na5 5. d4 a6 6. Be2 cxd4 7. Nxd4 d6 8. 0-0 e6 9. f4 Be7 10. e5 dxe5 11. fxe5 Bc5 12. Be3 Nc6 13. exf6 Bxd4 14. Bxd4 Qxd4+ 15. Qxd4 Nxd4 16. Bd3 gxf6 17. Rxf6 Ke7 18. Raf1 Nf5 19. R1xf5 exf5 20. Nd5+ Kf8 21. Nb6 Kg7 22. Rd6 Rb8 23. Bc4 Re8 24. Bd3 Be6 25. Rd4 Rbd8 26. Rb4 Kf6 27. a4 Rg8 28. Kf2 Rg4 29. Rxg4 fxg4 30. Bxh7 Bf5 31. Bxf5 Kxf5 32. Nc4 Ke4 33. a5 f5 34. Kg3 f4+ 35. Kxg4 Rg8+ 36. Kh3 Rh8+ 37. Kg4 Rxh2 38. Nd2+ Kd5 39. Kf3 Kd4 40. Nb3+ Kc4 41. Nc1 Kb5 42. Nd3 Kxa5 43. Nxf4 Kb5 44. Ne2 Kc5 45. g4 Kd5 46. Nf4+ Ke5 47. Nd3+ Kd6 48. c3 Rd2 49. Ke4 Rg2 50. Kf3 Rd2 51. Ke4 a5 52. b3 Re2+ 53. Kd4 Rg2 54. Kc4 Rxg4+ 55. Kb5 Kd5 1-0

[Event "Wch Blitz 7th"]
[Site "Khanty-Mansiysk"]
[Date "2013.06.10"]
[Round "25"]
[White "Pasiev, Rakhim"]
[Black "Kurnosov, Igor"]
[Result "0-1"]
[WhiteElo "2384"]
[BlackElo "2657"]
[PlyCount "78"]
[EventDate "2013.06.09"]
[EventType "swiss (blitz)"]
[EventRounds "30"]
[EventCountry "RUS"]
[SourceTitle "CBM 154 Extra"]
[Source "ChessBase"]
[SourceDate "2013.06.25"]
[SourceVersion "2"]
[SourceVersionDate "2013.06.25"]
[SourceQuality "1"]

1. d4 Nf6 2. Nc3 d5 3. Bg5 Nbd7 4. f3 h6 5. Bh4 e6 6. e4 dxe4 7. fxe4 Be7 8. Qf3 c5 9. 0-0-0 cxd4 10. Rxd4 Qa5 11. Bb5 a6 12. Bxd7+ Bxd7 13. Nge2 Bc6 14. Rhd1 0-0 15. Bg3 b5 16. Bd6 Bxd6 17. Rxd6 Bb7 18. a3 b4 19. axb4 Qxb4 20. R1d4 Qa5 21. Kb1 Rfc8 22. Qe3 Ng4 23. Qd2 Ne5 24. b3 Qc7 25. Kb2 Bc6 26. Qf4 Ng6 27. Qg3 a5 28. e5 a4 29. b4 a3+ 30. Ka1 Bd5 31. Rg4 h5 32. Rg5 Qc4 33. Qe3 Qxb4 34. Rb6 Qc4 35. Qd4 Qc7 36. Rb4 Rcb8 37. Rxb8+ Rxb8 38. Nxd5 exd5 39. Nc3 Qb7 0-1

[Event "Wch Blitz 7th"]
[Site "Khanty-Mansiysk"]
[Date "2013.06.10"]
[Round "21"]
[White "Potapov, Pavel"]
[Black "Kurnosov, Igor"]
[Result "0-1"]
[WhiteElo "2460"]
[BlackElo "2657"]
[PlyCount "92"]
[EventDate "2013.06.09"]
[EventType "swiss (blitz)"]
[EventRounds "30"]
[EventCountry "RUS"]
[SourceTitle "CBM 154 Extra"]
[Source "ChessBase"]
[SourceDate "2013.06.25"]
[SourceVersion "2"]
[SourceVersionDate "2013.06.25"]
[SourceQuality "1"]

1. e4 g6 2. d4 Bg7 3. Nc3 d6 4. Be3 a6 5. Qd2 b5 6. Bd3 Nd7 7. Nf3 Bb7 8. a4 b4 9. Ne2 Ngf6 10. Ng3 c5 11. 0-0 0-0 12. c3 c4 13. Bb1 b3 14. Rd1 Qc7 15. Bh6 e5 16. Bxg7 Kxg7 17. Qg5 Kh8 18. h4 Ng8 19. h5 Qd8 20. Qe3 Qe7 21. a5 Bc6 22. hxg6 fxg6 23. Ng5 Bb5 24. Rf1 Rf4 25. Nh3 Rg4 26. Qf3 Nh6 27. Ne2 Rf8 28. Qe3 Rh4 29. Qg3 Rg4 30. Qe3 Rh4 31. Qg3 Rg4 32. Qe3 Qh4 33. Kh2 Rgf4 34. Kg1 Rf3 35. gxf3 Qxh3 36. Ng3 Rf4 37. Re1 Nf6 38. dxe5 dxe5 39. Qc5 Nxe4 40. fxe4 Ng4 41. Qc8+ Kg7 42. Qxg4 Qxg4 43. Re3 Rf3 44. Rxf3 Qxf3 45. Kf1 h5 46. Ke1 h4 0-1

[Event "Wch Blitz 7th"]
[Site "Khanty-Mansiysk"]
[Date "2013.06.10"]
[Round "28"]
[White "Rakhmanov, Alexander"]
[Black "Kurnosov, Igor"]
[Result "0-1"]
[WhiteElo "2602"]
[BlackElo "2657"]
[PlyCount "80"]
[EventDate "2013.06.09"]
[EventType "swiss (blitz)"]
[EventRounds "30"]
[EventCountry "RUS"]
[SourceTitle "CBM 154 Extra"]
[Source "ChessBase"]
[SourceDate "2013.06.25"]
[SourceVersion "2"]
[SourceVersionDate "2013.06.25"]
[SourceQuality "1"]

1. c4 Nf6 2. Nf3 g6 3. Nc3 Bg7 4. g3 c5 5. Bg2 0-0 6. 0-0 Nc6 7. d4 cxd4 8. Nxd4 Qa5 9. Nc2 d6 10. Ne3 Be6 11. Bd2 Qh5 12. Ncd5 Ng4 13. Nxg4 Bxg4 14. Nf4 Qc5 15. Rc1 Bxb2 16. Nd3 Qa3 17. Rb1 Bf6 18. Rxb7 Nd4 19. f3 Be6 20. Rb4 Qxa2 21. Ra4 Qb3 22. Qxb3 Nxb3 23. Be3 a5 24. Rb1 Rab8 25. Kf2 Rfc8 26. c5 dxc5 27. Nf4 Bf5 28. Rd1 Bc2 29. Rd7 c4 30. Nd5 Nc5 31. Bxc5 Bxa4 32. Bxe7 Bxd7 33. Nxf6+ Kg7 34. Nxd7 Rb7 35. Bf6+ Kg8 36. Ne5 c3 37. f4 Rb6 38. Nd7 Rd6 39. Bh3 c2 40. Bb2 c1Q 0-1

[Event "Wch Blitz 7th"]
[Site "Khanty-Mansiysk"]
[Date "2013.06.10"]
[Round "29"]
[White "Rublevsky, Sergei"]
[Black "Kurnosov, Igor"]
[Result "1-0"]
[WhiteElo "2695"]
[BlackElo "2657"]
[PlyCount "69"]
[EventDate "2013.06.09"]
[EventType "swiss (blitz)"]
[EventRounds "30"]
[EventCountry "RUS"]
[SourceTitle "CBM 154 Extra"]
[Source "ChessBase"]
[SourceDate "2013.06.25"]
[SourceVersion "2"]
[SourceVersionDate "2013.06.25"]
[SourceQuality "1"]

1. e4 c5 2. Ne2 Nf6 3. Nbc3 d6 4. g3 g6 5. Bg2 Bg7 6. d3 0-0 7. 0-0 Nc6 8. h3 Rb8 9. f4 Bd7 10. g4 b5 11. Ng3 b4 12. Nce2 Ne8 13. f5 Nc7 14. g5 Nd4 15. h4 Nxe2+ 16. Qxe2 Nb5 17. Rb1 Qa5 18. f6 Bh8 19. Qf2 Qxa2 20. Be3 Qe6 21. Ra1 Rfc8 22. Ne2 exf6 23. gxf6 Qe5 24. Bg5 Qxb2 25. Nf4 Qd4 26. Qxd4 cxd4 27. Nd5 Rxc2 28. Bh6 Re8 29. Ne7+ Rxe7 30. fxe7 Be5 31. Bh3 Be8 32. Be6 Nc3 33. Rxf7 Ne2+ 34. Kf1 Ng3+ 35. Ke1 1-0

[Event "Wch Blitz 7th"]
[Site "Khanty-Mansiysk"]
[Date "2013.06.09"]
[Round "4"]
[White "Kurnosov, Igor"]
[Black "Akbaev, Kazbek"]
[Result "1-0"]
[WhiteElo "2657"]
[BlackElo "2475"]
[PlyCount "51"]
[EventDate "2013.06.09"]
[EventType "swiss (blitz)"]
[EventRounds "30"]
[EventCountry "RUS"]
[SourceTitle "CBM 154 Extra"]
[Source "ChessBase"]
[SourceDate "2013.06.25"]
[SourceVersion "2"]
[SourceVersionDate "2013.06.25"]
[SourceQuality "1"]

1. g3 d5 2. Nf3 Nf6 3. Bg2 c6 4. 0-0 h6 5. c4 Bf5 6. cxd5 cxd5 7. Qb3 Qc8 8. Nc3 e6 9. d3 Nc6 10. Bf4 a6 11. Rac1 Be7 12. e4 dxe4 13. dxe4 Nxe4 14. Ne5 Nc5 15. Qc4 Nxe5 16. Bxe5 Bd3 17. Qg4 f6 18. Qxg7 Rf8 19. Ne4 Bxe4 20. Bxe4 fxe5 21. Rfd1 Nxe4 22. Qg6+ Rf7 23. Rxc8+ Rxc8 24. Qxe4 Bc5 25. Qxe5 Rxf2 26. Qxe6+ 1-0

[Event "Wch Blitz 7th"]
[Site "Khanty-Mansiysk"]
[Date "2013.06.09"]
[Round "15"]
[White "Kurnosov, Igor"]
[Black "Bezgodov, Alexei"]
[Result "1/2-1/2"]
[WhiteElo "2657"]
[BlackElo "2482"]
[PlyCount "75"]
[EventDate "2013.06.09"]
[EventType "swiss (blitz)"]
[EventRounds "30"]
[EventCountry "RUS"]
[SourceTitle "CBM 154 Extra"]
[Source "ChessBase"]
[SourceDate "2013.06.25"]
[SourceVersion "2"]
[SourceVersionDate "2013.06.25"]
[SourceQuality "1"]

1. g3 d5 2. Nf3 Nc6 3. Bg2 e5 4. d3 Nf6 5. 0-0 Be7 6. c4 dxc4 7. Qa4 cxd3 8. Nxe5 0-0 9. Nxd3 Nd4 10. Nf4 c5 11. Nc3 b5 12. Qd1 Rb8 13. e3 Ne6 14. e4 Qxd1 15. Rxd1 Rd8 16. Nfd5 Kf8 17. Be3 b4 18. Nxe7 bxc3 19. Rxd8+ Nxd8 20. Bxc5 Ne6 21. Nc6+ Nxc5 22. Nxb8 cxb2 23. Rb1 Na4 24. e5 Bf5 25. Rxb2 Nxb2 26. exf6 gxf6 27. Kf1 Be6 28. a3 a5 29. Ke2 Nc4 30. a4 Nb6 31. Bc6 Bb3 32. Bb5 Bxa4 33. Bxa4 Nxa4 34. Nc6 Nc3+ 35. Kd3 Nd1 36. Ke2 Nc3+ 37. Kd3 Nd1 38. Ke2 1/2-1/2

[Event "Wch Blitz 7th"]
[Site "Khanty-Mansiysk"]
[Date "2013.06.09"]
[Round "12"]
[White "Popov, Ivan1111"]
[Black "Kurnosov, Igor"]
[Result "1-0"]
[WhiteElo "2632"]
[BlackElo "2657"]
[PlyCount "131"]
[EventDate "2013.06.09"]
[EventType "swiss (blitz)"]
[EventRounds "30"]
[EventCountry "RUS"]
[SourceTitle "CBM 154 Extra"]
[Source "ChessBase"]
[SourceDate "2013.06.25"]
[SourceVersion "2"]
[SourceVersionDate "2013.06.25"]
[SourceQuality "1"]

1. e4 c5 2. Nf3 d6 3. d4 cxd4 4. Nxd4 Nf6 5. Nc3 e6 6. Be2 Be7 7. 0-0 0-0 8. f4 Nc6 9. Be3 e5 10. Nxc6 bxc6 11. fxe5 dxe5 12. Qxd8 Rxd8 13. Rfd1 Be6 14. Rxd8+ Bxd8 15. Bf3 Bb6 16. Kf2 Rd8 17. Rd1 Rxd1 18. Nxd1 Kf8 19. b3 Ke7 20. Nb2 Kd6 21. Na4 Bd4 22. c3 Bxe3+ 23. Kxe3 Nd7 24. Be2 g6 25. Nb2 f5 26. Nc4+ Bxc4 27. Bxc4 f4+ 28. Kf3 Nf6 29. Ba6 Kc7 30. Bc4 Kd6 31. Ba6 g5 32. Bc8 h5 33. h3 Kc7 34. Bf5 c5 35. b4 Kb6 36. a4 cxb4 37. cxb4 Kc6 38. Be6 Kd6 39. Bc8 Kc7 40. Bf5 Kc6 41. Ke2 g4 42. h4 Ne8 43. Bg6 Nf6 44. Kd3 Kb6 45. Bf5 Ne8 46. Bg6 Nf6 47. Bf7 Kc6 48. Be6 Kd6 49. Bf5 Kc6 50. Kc4 f3 51. gxf3 gxf3 52. Kd3 Ne8 53. Bg6 Nf6 54. Ke3 a5 55. b5+ Kc5 56. Kxf3 Kd4 57. b6 Nd7 58. b7 Kc5 59. Bxh5 Kb6 60. Bf7 Kxb7 61. h5 Kb6 62. h6 Nf8 63. Kg4 Kc5 64. Kf5 Kd6 65. Bg8 Ke7 66. h7 1-0

[Event "Wch Rapid"]
[Site "Khanty-Mansiysk"]
[Date "2013.06.08"]
[Round "11"]
[White "Kabanov, Nikolai"]
[Black "Kurnosov, Igor"]
[Result "0-1"]
[WhiteElo "2472"]
[BlackElo "2657"]
[PlyCount "56"]
[EventDate "2013.06.06"]
[EventType "swiss (rapid)"]
[EventRounds "15"]
[EventCountry "RUS"]
[SourceTitle "CBM 154 Extra"]
[Source "ChessBase"]
[SourceDate "2013.06.25"]
[SourceVersion "2"]
[SourceVersionDate "2013.06.25"]
[SourceQuality "1"]

1. e4 c5 2. Nf3 d6 3. c3 Nf6 4. Be2 Nbd7 5. Qc2 Qc7 6. d4 cxd4 7. Nxd4 g6 8. c4 Bg7 9. Nc3 0-0 10. 0-0 a6 11. a4 b6 12. a5 bxa5 13. Nb3 a4 14. Rxa4 Nb6 15. Ra1 Be6 16. c5 dxc5 17. Rxa6 Rxa6 18. Bxa6 Ng4 19. g3 c4 20. Nd2 Ra8 21. Bb5 Ra5 22. Ndb1 Qc5 23. h3 Ne5 24. Be3 Nf3+ 25. Kg2 Qh5 26. h4 Nxh4+ 27. gxh4 Bh3+ 28. Kh2 Qf3 0-1

[Event "Wch Rapid"]
[Site "Khanty-Mansiysk"]
[Date "2013.06.08"]
[Round "14"]
[White "Kurnosov, Igor"]
[Black "Dreev, Alexey"]
[Result "0-1"]
[WhiteElo "2657"]
[BlackElo "2668"]
[PlyCount "76"]
[EventDate "2013.06.06"]
[EventType "swiss (rapid)"]
[EventRounds "15"]
[EventCountry "RUS"]
[SourceTitle "CBM 154 Extra"]
[Source "ChessBase"]
[SourceDate "2013.06.25"]
[SourceVersion "2"]
[SourceVersionDate "2013.06.25"]
[SourceQuality "1"]

1. e4 c6 2. d4 d5 3. e5 Bf5 4. Nf3 e6 5. Be2 Ne7 6. 0-0 Bg6 7. Nbd2 Nf5 8. Nb3 Nd7 9. a4 Be7 10. a5 0-0 11. c4 dxc4 12. Bxc4 b5 13. Bd3 a6 14. g4 Nh4 15. Nxh4 Bxh4 16. f4 Bxd3 17. Qxd3 Be7 18. Be3 f5 19. Rac1 fxg4 20. Rxc6 Nxe5 21. fxe5 Rxf1+ 22. Qxf1 Qd5 23. Rc3 b4 24. Rd3 Rf8 25. Qe2 h5 26. Bf2 Rf4 27. Nc5 h4 28. Be3 Rf3 29. Nxa6 h3 30. Nc7 Qe4 31. Nxe6 g3 32. Nc5 Qf5 33. a6 gxh2+ 34. Kxh2 Bxc5 35. a7 Bxa7 36. Rd1 Qe4 37. Qc4+ Kh7 38. Qd3 Rxe3 0-1

[Event "Wch Rapid"]
[Site "Khanty-Mansiysk"]
[Date "2013.06.06"]
[Round "3"]
[White "Grachev, Boris V"]
[Black "Kurnosov, Igor"]
[Result "1/2-1/2"]
[WhiteElo "2683"]
[BlackElo "2657"]
[PlyCount "100"]
[EventDate "2013.06.06"]
[EventType "swiss (rapid)"]
[EventRounds "15"]
[EventCountry "RUS"]
[SourceTitle "CBM 154 Extra"]
[Source "ChessBase"]
[SourceDate "2013.06.25"]
[SourceVersion "2"]
[SourceVersionDate "2013.06.25"]
[SourceQuality "1"]

1. Nf3 Nf6 2. d4 g6 3. Bf4 Bg7 4. e3 d6 5. h3 0-0 6. Be2 b6 7. 0-0 Bb7 8. a4 a5 9. c3 Nbd7 10. Bh2 e6 11. Na3 Qe7 12. Nb5 Rfc8 13. Nd2 e5 14. Re1 h5 15. Bf3 e4 16. Be2 Nd5 17. Bc4 f5 18. b4 Kh7 19. Qb3 N7f6 20. Bf1 Bc6 21. bxa5 bxa5 22. Rab1 Bd7 23. Qa3 Be6 24. Rec1 Ne8 25. c4 Nb4 26. Nb3 c6 27. Nxa5 Nd3 28. Nxc6 Rxc6 29. Bxd3 exd3 30. d5 d2 31. Rd1 Rxc4 32. dxe6 Rcxa4 33. Qd3 Qxe6 34. Qxd2 Ra2 35. Qd3 Be5 36. Nd4 Qf7 37. Nf3 Bxh2+ 38. Kxh2 Kh6 39. Rd2 Rxd2 40. Qxd2 Ra2 41. Qc3 Nf6 42. Rb6 Ne4 43. Qh8+ Qh7 44. Qc8 Ra7 45. Nd4 Qe7 46. f4 Nf6 47. Qb8 Ng4+ 48. hxg4 Qh4+ 49. Kg1 Qe1+ 50. Kh2 Qh4+ 1/2-1/2

[Event "EU-ch 14th"]
[Site "Legnica"]
[Date "2013.05.15"]
[Round "10"]
[White "Kurnosov, Igor"]
[Black "Papp, Gabor"]
[Result "1/2-1/2"]
[WhiteElo "2654"]
[BlackElo "2570"]
[PlyCount "80"]
[EventDate "2013.05.05"]
[EventType "swiss"]
[EventRounds "11"]
[EventCountry "POL"]
[SourceTitle "CBM 155"]
[Source "ChessBase"]
[SourceDate "2013.07.16"]
[SourceVersion "1"]
[SourceVersionDate "2013.07.16"]
[SourceQuality "1"]

1. c4 Nf6 2. Nc3 e5 3. Nf3 Nc6 4. g3 Bb4 5. Bg2 0-0 6. 0-0 d6 7. Nd5 Bc5 8. e3 Bg4 9. h3 Bh5 10. g4 Bg6 11. d4 Bb6 12. Nxf6+ Qxf6 13. c5 dxc5 14. Nxe5 Rad8 15. Nxg6 hxg6 16. d5 Ne7 17. e4 c6 18. Qf3 Qxf3 19. Bxf3 cxd5 20. exd5 Nxd5 21. Bg5 f6 22. Rad1 fxg5 23. Bxd5+ Kh7 24. Kg2 c4 25. f3 Rf6 26. Bxc4 Rfd6 27. Rxd6 Rxd6 28. Re1 Rd2+ 29. Kh1 Rxb2 30. Re8 Rb1+ 31. Kg2 Rb2+ 32. Kf1 Rf2+ 33. Ke1 Rxf3 34. Bg8+ Kh6 35. Be6 Kh7 36. Bg8+ Kh6 37. Be6 Kh7 38. Bg8+ Kh6 39. Be6 Kh7 40. Bg8+ Kh6 1/2-1/2

[Event "EU-ch 14th"]
[Site "Legnica"]
[Date "2013.05.09"]
[Round "5"]
[White "Pacher, Milan"]
[Black "Kurnosov, Igor"]
[Result "0-1"]
[WhiteElo "2470"]
[BlackElo "2654"]
[PlyCount "50"]
[EventDate "2013.05.05"]
[EventType "swiss"]
[EventRounds "11"]
[EventCountry "POL"]
[SourceTitle "CBM 155"]
[Source "ChessBase"]
[SourceDate "2013.07.16"]
[SourceVersion "1"]
[SourceVersionDate "2013.07.16"]
[SourceQuality "1"]

1. d4 Nf6 2. c4 g6 3. Nc3 Bg7 4. e4 d6 5. Nf3 0-0 6. Be2 Na6 7. 0-0 e5 8. Re1 Qe8 9. Bf1 Bg4 10. d5 Nb4 11. Be2 a5 12. Be3 Na6 13. Rb1 Bd7 14. Nd2 Kh8 15. b3 Ng8 16. Nf1 f5 17. exf5 gxf5 18. f3 Qg6 19. Kh1 Nf6 20. Qd2 f4 21. Bg1 Bf5 22. Rbc1 Rg8 23. a3 e4 24. Qb2 Nxd5 25. cxd5 Qxg2+ 0-1

[Event "EU-ch 14th"]
[Site "Legnica"]
[Date "2013.05.07"]
[Round "3"]
[White "Kanarek, Marcel"]
[Black "Kurnosov, Igor"]
[Result "1-0"]
[WhiteElo "2474"]
[BlackElo "2654"]
[PlyCount "67"]
[EventDate "2013.05.05"]
[EventType "swiss"]
[EventRounds "11"]
[EventCountry "POL"]
[SourceTitle "CBM 155"]
[Source "ChessBase"]
[SourceDate "2013.07.16"]
[SourceVersion "1"]
[SourceVersionDate "2013.07.16"]
[SourceQuality "1"]

1. d4 Nf6 2. c4 g6 3. Nc3 d5 4. cxd5 Nxd5 5. e4 Nxc3 6. bxc3 Bg7 7. Nf3 c5 8. Rb1 0-0 9. Be2 cxd4 10. cxd4 Qa5+ 11. Bd2 Qxa2 12. 0-0 Bg4 13. Bg5 h6 14. Be3 Nc6 15. Ra1 Qb2 16. Rb1 Qa2 17. d5 Na5 18. Re1 b6 19. Nd4 Bxe2 20. Rxe2 Qc4 21. h4 Rfd8 22. h5 e5 23. Rc2 Qa4 24. hxg6 exd4 25. gxf7+ Kf8 26. Ra1 Qb4 27. Bc1 Nc4 28. Qg4 h5 29. Qxh5 Qe1+ 30. Kh2 Nd6 31. Qh7 Qxe4 32. Qg8+ Ke7 33. Rc7+ Rd7 34. Qxg7 1-0

[Event "EU-ch 14th"]
[Site "Legnica"]
[Date "2013.05.06"]
[Round "2"]
[White "Kurnosov, Igor"]
[Black "Sanikidze, Tornike"]
[Result "0-1"]
[WhiteElo "2654"]
[BlackElo "2549"]
[PlyCount "79"]
[EventDate "2013.05.05"]
[EventType "swiss"]
[EventRounds "11"]
[EventCountry "POL"]
[SourceTitle "CBM 155"]
[Source "ChessBase"]
[SourceDate "2013.07.16"]
[SourceVersion "1"]
[SourceVersionDate "2013.07.16"]
[SourceQuality "1"]

1. e4 c5 2. Nf3 d6 3. d4 cxd4 4. Nxd4 Nf6 5. Nc3 Nc6 6. Bg5 e6 7. Qd2 a6 8. 0-0-0 Bd7 9. f3 Be7 10. Be3 b5 11. g4 Nxd4 12. Bxd4 0-0 13. g5 Nh5 14. Be3 b4 15. Ne2 e5 16. Ng3 Nf4 17. Bxf4 exf4 18. Nh5 g6 19. Nf6+ Bxf6 20. gxf6 Qxf6 21. Qxb4 Be6 22. Rxd6 Qh4 23. Bxa6 Qf2 24. Qc3 Rfd8 25. Rxd8+ Rxd8 26. a4 Qg2 27. Rf1 Qxh2 28. a5 h5 29. Bd3 h4 30. a6 h3 31. b4 Qg2 32. Qd2 Qg5 33. Kb2 Bc4 34. a7 Bxd3 35. cxd3 Qe7 36. Ra1 Ra8 37. d4 h2 38. d5 Rxa7 39. Rxa7 Qe5+ 40. Kc2 0-1

[Event "Nakhchivan op"]
[Site "Nakhchivan"]
[Date "2013.05.01"]
[Round "9"]
[White "Kurnosov, Igor"]
[Black "Macieja, Bartlomiej"]
[Result "1-0"]
[WhiteElo "2649"]
[BlackElo "2608"]
[PlyCount "75"]
[EventDate "2013.04.22"]
[EventType "swiss"]
[EventRounds "9"]
[EventCountry "AZE"]
[SourceTitle "CBM 154 Extra"]
[Source "ChessBase"]
[SourceDate "2013.06.25"]
[SourceVersion "2"]
[SourceVersionDate "2013.06.25"]
[SourceQuality "1"]

1. e4 c5 2. Nf3 Nc6 3. Bb5 d6 4. 0-0 Bd7 5. Re1 Nf6 6. c3 a6 7. Bf1 Bg4 8. h3 Bh5 9. g4 Bg6 10. d4 Bxe4 11. Rxe4 Nxe4 12. d5 Nxf2 13. Kxf2 Nb8 14. Bg5 h6 15. Bh4 Nd7 16. Nbd2 g5 17. Bg3 Nf6 18. Qb3 b5 19. c4 b4 20. Bd3 a5 21. Bf5 a4 22. Qe3 a3 23. b3 Rg8 24. Kg2 Qb6 25. Rf1 Kd8 26. Ne1 Kc7 27. Nd3 Ra5 28. Ne4 Nxe4 29. Qxe4 Kb7 30. Be6 fxe6 31. Qxe6 Rh8 32. Rxf8 Rxf8 33. Qxe7+ Qc7 34. Qxf8 Qh7 35. Qxd6 Qe4+ 36. Kh2 Qxd3 37. Qc7+ Ka6 38. Qc8+ 1-0